• 首页
  • 本馆介绍
  • 公告通知
  • 最新文献
  • 馆藏检索
  • 电子资源
  • 读者导购
  • 参考咨询
  • 我的图书馆
  • 登录
  • 详细信息显示
  • 放入我的书架
  • 预约/预借图书
  • 作者相关作品
  • 分类相关作品
  • 丛书相关作品
  • 出版社相关作品

书目信息

  • 表格格式
  • 工作单格式
  • 卡片格式
题名:
中国古老文化寻踪
    
 
作者: 黄明哲 著 ;朱天纯 , 陈波 摄影
分册:   皇家园林
出版信息: 北京   中国科学技术出版社  2015
页数: 167页
开本: 30cm
丛书名:
单 册:
中图分类: K203-64 , K928.73-64
科图分类:
主题词: 中华文化--zhong hua wen hua--介绍--摄影集 , 古典园林--gu dian yuan lin--介绍--中国--摄影集
电子资源:
ISBN: 978-7-5046-6785-4
000 01118nam0 22002891 450
001 1755136473
005 20170605154006.26
010    @a978-7-5046-6785-4@b精装@dCNY148.00
100    @a20150528d2015 em y0chiy50 ea
101 0  @achi
102    @aCN@b110000
105    @aa z 000yy
106    @ar
200 1  @a中国古老文化寻踪@Azhong guo gu lao wen hua xin zong@i皇家园林@f黄明哲著@g朱天纯,陈波摄影
210    @a北京@c中国科学技术出版社@d2015
215    @a167页@d30cm
300    @a国家出版基金项目
330    @a本书沿着北京的中轴线,为读者拉开了一幅皇家园林的优美画卷。包括紫禁瑰宝:故宫、五色之土:中山公园、鉴古铭志:圆明园、万园之园:颐和园、世界名山:香山、地宫陵阙:明十三陵、学海节观:国子监等。
606 0  @a中华文化@Azhong hua wen hua@x介绍@j摄影集
606 0  @a古典园林@Agu dian yuan lin@x介绍@y中国@j摄影集
690    @aK203-64@v5
690    @aK928.73-64@v5
701  0 @a黄明哲@Ahuang ming zhe@f(1979~)@4著
702  0 @a朱天纯@Azhu tian chun@f(1953~)@4摄影
702  0 @a陈波@Achen bo@c(广告摄影)@4摄影
801  0 @aCN@bTANG WEI@c20170601
905    @b0972148-50@dK203-64@e234:4@f3
    
    中国古老文化寻踪.皇家园林/黄明哲著/朱天纯,陈波摄影 .-北京:中国科学技术出版社,2015
    167页;30cm
    国家出版基金项目
    
    ISBN 978-7-5046-6785-4(精装):CNY148.00
    本书沿着北京的中轴线,为读者拉开了一幅皇家园林的优美画卷。包括紫禁瑰宝:故宫、五色之土:中山公园、鉴古铭志:圆明园、万园之园:颐和园、世界名山:香山、地宫陵阙:明十三陵、学海节观:国子监等。
●
相关链接 在E读中查询图书 在五车中查询图书 在当当中查询图书 在豆瓣中查询图书


正题名:中国古老文化寻踪     索取号:K203-64/234:4         预约/预借

序号 登录号 条形码 馆藏地/架位号 状态 备注
1 0972148   209721489   第二样本阅览室/ [索取号:K203-64/234:4] 在馆    
2 0972149   209721498   密集书库-资源管理系/ [索取号:K203-64/234:4] 在馆    
3 0972150   209721504   第二借阅区/ [索取号:K203-64/234:4] 在馆    
唐山师范学院图书馆 欢迎您!
大连网信软件有限公司© 版权所有